Un Pequeño manual de descripción de archivos municipales / por Carlos Alcalde Martín-Calero
Descripción Física:
84 p. ; 24 cm
MARC
| LEADER | 00000nam a2200000Ia 4500 | ||
|---|---|---|---|
| 001 | 10205 | ||
| 008 | 160829s9999 xx 000 0 cat d | ||
| 080 | |a A-1-251 | ||
| 100 | |a Alcalde Martín, Carlos |9 23614 | ||
| 245 | |a Un Pequeño manual de descripción de archivos municipales / por Carlos Alcalde Martín-Calero | ||
| 260 | |a Valladolid : |b Excma. Diputación Provincial de Valladolid, DL 1991 | ||
| 300 | |a 84 p. ; |c 24 cm | ||
| 650 | 0 | |a Arxius municipals |9 41223 | |
| 650 | |a Fons d'arxius |x Classificació |9 23615 | ||
| 710 | 1 | |a Valladolid (Castella i Lleó : Província). |b Diputación Provincial |9 55715 | |
| 901 | |a Arxiu | ||
| 942 | |n 1 | ||
| 952 | |0 0 |1 0 |4 0 |6 A1251 |7 1 |9 42778 |a Arxiu |b Arxiu |d 2016-12-01 |l 0 |o A-1-251 |p 10205 |r 2016-12-01 00:00:00 |w 2016-12-01 |y ARXIU | ||
| 999 | |c 45284 |d 45284 | ||